5 by 5 Harry Potter Characters II Quiz Stats

 Plays Quiz Updated Jan 1, 2018

Score 0/25 Timer 05:00
0 Plays Today
Hint Answer % Correct
Severus Snape
97%
Hermione Granger
96.7%
Dobby
96.1%
Lord Voldemort
96%
Sirius Black
95.3%
Died at the Battle of HogwartsFred Weasley
94.9%
James Potter
93.3%
Remus Lupin
91.7%
Peter Pettigrew
91.6%
Known
Animagi
Minerva McGonagall
91.5%
Nearly Headless Nick
90.5%
Rita Skeeter
87.1%
Dolores Umbridge
86.1%
Hint Answer % Correct
Basilisk
Victims
Colin Creevey
81.2%
Kreacher
77.7%
Cornelius Fudge
77.1%
Ministry
Employees
Barty Crouch, Sr.
77%
Mrs. Norris
72.6%
Grawp
64.8%
Griphook
62.9%
Non-Human
Characters
Firenze
57.3%
Rufus Scrimgeour
54.8%
Justin Finch-Fletchley
49.8%
Pius Thicknesse
32.7%
Scabior
14.7%

You're not logged in!

Compare scores with friends on all Sporcle quizzes.
OR
Log In

Sporcle TV

Today on Sporcle TV


Watch our educational content, quiz creation guides, and fun videos on Sporcle TV.

Show Comments

Extras

Top Quizzes Today


Score Distribution

Your Account Isn't Verified!

In order to create a playlist on Sporcle, you need to verify the email address you used during registration. Go to your Sporcle Settings to finish the process.

Report this User

Report this user for behavior that violates our Community Guidelines.

Details: